00333nam a2200121Ia 4500008004100000041000800041082001500049100002000064245003900084260004500123300003200168365001100200240624s9999 xx 000 0 und d aeng a332.04 CUM aCUMMING DOUGLAS aOXFORD HANDBOOK OF VENTURE CAPITAL c2012aNew DelhibOxford University Press axix, : 1031 : p. : cm. ; 25 cRSb32